| 000 | 01002nam a2200229 a 4500 | ||
|---|---|---|---|
| 001 | 000041558 | ||
| 005 | 20201002035634.0 | ||
| 008 | 131011s2003 mm 000 0 spa d | ||
| 020 | _a8400081272 | ||
| 040 |
_aDO-SdBNP _bspa _cBNPHU |
||
| 100 | 1 |
_aBaq, Ibn _968300 |
|
| 240 | 1 | 0 |
_aKitab zahrat al-rawd fi taljis taqdir al-fard _lEspañol-Arabe |
| 245 | 1 | 0 |
_aKitâb Zahrat al-rawd fî taljîs taqdîr al-fard. : _b(libro dela flor del jardín, acerca del resumen del a evaluación de la obligación) / _cIbn Baq; edición y estudio, Rachid El Hour. |
| 246 | 3 | 1 | _aLibro de la flor del jardín, acerca del resumen de la evaluación de la obligación |
| 260 |
_aMadrid, : _bConsejo Superior de Investigaciones Científicas, _c2003. |
||
| 300 |
_a80, [190] p. ; _c24 cm. |
||
| 490 | 1 |
_aFuentes Arábico-Hispanas _v29 |
|
| 504 | _aBibliografía p: 69-78 | ||
| 546 | _aTexto en Arabe (maltes) y traducido al español | ||
| 700 | 1 |
_aEl Hour, Rachid _967531 |
|
| 830 | 0 |
_aFuentes Arábico-Hispanas _v29 _965581 |
|
| 999 |
_c41048 _d41048 |
||